|
|
|
|
| LEADER |
01181nam a2200301 a 4500 |
| 001 |
000636982 |
| 003 |
CZ BrMZK |
| 005 |
20021119074842.0 |
| 007 |
ta |
| 008 |
010907s1968 xr f cze d |
| 040 |
|
|
|a BOA001
|c ze
|d BOA001
|
| 080 |
|
|
|a 371.3:371.91(075.8)
|2 MRF
|
| 100 |
1 |
|
|a Jesenský, Ján,
|d 1931-2009
|7 jk01051571
|4 aut
|
| 245 |
1 |
0 |
|a Kapitoly z didaktiky a metodiky škol pro tupozraké a šilhavé :
|b určeno pro posl. pedagog. fakult /
|c Ján Jesenský, Jaroslav Hronek
|
| 250 |
|
|
|a 1. vyd.
|
| 260 |
|
|
|a Praha :
|b SPN,
|c 1968
|
| 300 |
|
|
|a 128 s. ;
|c 4°
|
| 490 |
1 |
|
|a Učební texty vysokých škol
|
| 500 |
|
|
|a Vyd. Ústav pro učitelské vzdělání na Univ. Karlově v Praze
|
| 500 |
|
|
|a Přehl. lit.
|
| 500 |
|
|
|a S fot. v textu
|
| 700 |
1 |
|
|a Hronek, Jaroslav,
|d 1908-1999
|7 mzk2002140235
|4 aut
|
| 710 |
2 |
|
|a Univerzita Karlova.
|b Ústav pro učitelské vzdělání
|7 kn20051102040
|
| 830 |
|
0 |
|a Učební texty vysokých škol
|
| 910 |
|
|
|a BOA001
|b 4-0595.043
|
| 964 |
|
|
|a Žáci tupozrací - vyučování - didaktika a metodika - učebnice vysokoškol.
|
| 964 |
|
|
|a Žáci šilhaví - vyučování - didaktika a metodika - učebnice vysokoškol.
|
| 990 |
|
|
|a BK
|